000 00546nam a2200157 i 4500
001 78442
003 ES-MaACL
005 20230906173713.0
007 t|
008 041014s1920 ve ||||1| spa d
100 1 _aHaring, Clarence Henry.
_961848
245 1 4 _aLos libros mayores de los Tesoreros Reales de Hispanoamérica en el siglo XVI /
_cClarence Henry Haring ; traducción del inglés hecha para el Boletín de la Cámara de Comercio de Caracas.
260 _aCaracas :
_b[s.n.,
_c1920]
300 _a23 p.
852 _aES-MaACL
_j1663-F-17
999 _c78442
_d78442